[Event "Blitz 2018"]
[Site "Saint-Petersburg"]
[Date "2018.12.30"]
[Round "13"]
[Board "91"]
[White "Sokolin Leonid (USA)"]
[Black "Gurvich Vitaly (RUS)"]
[Result "0-1"]
[BlackElo "2302"]
[WhiteElo "2508"]
[LiveChessVersion "1.4.8"]

1. d4 {[%clk 0:03:03]} Nf6 {[%clk 0:03:03]} 2. Bg5 {[%clk 0:03:04]} Ne4
{[%clk 0:03:00]} 3. Bf4 {[%clk 0:03:05]} c5 {[%clk 0:02:59]} 4. f3
{[%clk 0:03:06]} Qa5+ {[%clk 0:03:00]} 5. c3 {[%clk 0:03:07]} Nf6
{[%clk 0:03:00]} 6. Nd2 {[%clk 0:03:05]} cxd4 {[%clk 0:02:55]} 7. Nc4
{[%clk 0:02:14]} Qd8 {[%clk 0:01:56]} 8. Bxb8 {[%clk 0:02:10]} Rxb8
{[%clk 0:01:55]} 9. Qxd4 {[%clk 0:02:11]} b5 {[%clk 0:01:44]} 10. Nd2
{[%clk 0:02:09]} Qc7 {[%clk 0:01:42]} 11. e4 {[%clk 0:02:09]} e5 {[%clk 0:01:41]}
12. Qd3 {[%clk 0:02:05]} Bc5 {[%clk 0:01:37]} 13. b4 {[%clk 0:02:04]} Be7
{[%clk 0:01:15]} 14. a3 {[%clk 0:01:46]} O-O {[%clk 0:01:07]} 15. c4
{[%clk 0:01:44]} bxc4 {[%clk 0:01:00]} 16. Qxc4 {[%clk 0:01:40]} Qb6
{[%clk 0:00:58]} 17. Qd3 {[%clk 0:01:36]} Bb7 {[%clk 0:00:54]} 18. Nc4
{[%clk 0:01:35]} Qe6 {[%clk 0:00:55]} 19. Ne3 {[%clk 0:01:36]} d5
{[%clk 0:00:54]} 20. exd5 {[%clk 0:01:37]} Nxd5 {[%clk 0:00:53]} 21. Nxd5
{[%clk 0:01:36]} Bxd5 {[%clk 0:00:54]} 22. Be2 {[%clk 0:01:27]} e4 23. Qe3 Bf6
24. Rd1 Rbc8 {[%clk 0:00:28]} 25. fxe4 {[%clk 0:01:16]} Bxe4 26. Bf3 Bc3+
{[%clk 0:00:17]} 27. Kf2 {[%clk 0:01:17]} Bxf3 {[%clk 0:00:03]} 28. Qxe6
{[%clk 0:01:18]} fxe6 {[%clk 0:00:05]} 29. Nxf3 {[%clk 0:01:19]} Bb2
{[%clk 0:00:06]} 30. Rd3 {[%clk 0:01:18]} Rc2+ {[%clk 0:00:06]} 31. Kg3
{[%clk 0:01:19]} h6 {[%clk 0:00:05]} 32. Re1 {[%clk 0:01:19]} Rf6
{[%clk 0:00:05]} 33. Kh3 {[%clk 0:01:17]} Rg6 {[%clk 0:00:06]} 34. g3
{[%clk 0:01:18]} Rf6 {[%clk 0:00:06]} 35. Rde3 {[%clk 0:01:15]} Kh7
{[%clk 0:00:05]} 36. a4 {[%clk 0:01:12]} Bc3 {[%clk 0:00:05]} 37. Rb1
{[%clk 0:01:11]} Rf5 {[%clk 0:00:04]} 38. Rb3 {[%clk 0:01:08]} Bf6
{[%clk 0:00:04]} 39. g4 {[%clk 0:01:07]} Rf4 {[%clk 0:00:04]} 40. a5
{[%clk 0:01:05]} Rcc4 {[%clk 0:00:05]} 41. b5 {[%clk 0:01:05]} Rb4
{[%clk 0:00:05]} 42. b6 {[%clk 0:01:05]} axb6 {[%clk 0:00:04]} 43. axb6
{[%clk 0:01:07]} Bd8 {[%clk 0:00:05]} 44. b7 {[%clk 0:01:07]} Bc7
{[%clk 0:00:07]} 45. Ne1 {[%clk 0:01:00]} Rxg4 {[%clk 0:00:06]} 46. Nc2
{[%clk 0:01:02]} Rh4+ {[%clk 0:00:06]} 47. Kg2 {[%clk 0:01:02]} Rxh2+
{[%clk 0:00:06]} 48. Kf3 {[%clk 0:01:01]} Rxb3 {[%clk 0:00:07]} 49. Rxb3
{[%clk 0:01:01]} Rxc2 {[%clk 0:00:07]} 50. b8=Q {[%clk 0:01:01]} Bxb8 51. Rxb8
Kg6 {[%clk 0:00:07]} 52. Rb6 {[%clk 0:01:04]} Kf6 {[%clk 0:00:08]} 53. Ke4
{[%clk 0:01:06]} Rd2 {[%clk 0:00:07]} 54. Rb8 {[%clk 0:01:10]} Rd5
{[%clk 0:00:08]} 55. Rf8+ {[%clk 0:01:11]} Rf5 56. Re8 Kg6 57. Ke5
{[%clk 0:01:14]} Rf6 {[%clk 0:00:10]} 58. Rh8 {[%clk 0:01:14]} Kg5
{[%clk 0:00:08]} 59. Rh7 {[%clk 0:01:15]} g6 60. Kd6 Kg4 {[%clk 0:00:05]} 61. Ke7
{[%clk 0:01:19]} Rf1 {[%clk 0:00:05]} 62. Kxe6 {[%clk 0:01:20]} g5
{[%clk 0:00:06]} 63. Ke5 {[%clk 0:01:21]} Kg3 {[%clk 0:00:07]} 64. Rg7
{[%clk 0:01:21]} g4 {[%clk 0:00:09]} 65. Ke4 {[%clk 0:01:23]} 0-1

[Event "Blitz 2018"]
[Site "Saint-Petersburg"]
[Date "2018.12.30"]
[Round "13"]
[Board "92"]
[White "Mamatov Melis (KGZ)"]
[Black "Minko Vladimir (RUS)"]
[Result "0-1"]
[BlackElo "2403"]
[WhiteElo "2213"]
[LiveChessVersion "1.4.8"]

1. e4 {[%clk 0:00:57]} c5 {[%clk 0:02:57]} 2. Nf3 {[%clk 0:00:58]} Nc6
{[%clk 0:02:54]} 3. d4 {[%clk 0:00:58]} cxd4 {[%clk 0:02:53]} 4. Nxd4
{[%clk 0:00:59]} Qb6 {[%clk 0:02:52]} 5. Nxc6 {[%clk 0:00:51]} bxc6
{[%clk 0:02:49]} 6. b3 {[%clk 0:00:36]} Nf6 {[%clk 0:02:48]} 7. Bd3
{[%clk 0:00:37]} g6 {[%clk 0:02:25]} 8. Bb2 {[%clk 0:00:36]} Bg7 {[%clk 0:02:24]}
9. Nc3 {[%clk 0:00:16]} O-O {[%clk 0:02:19]} 10. O-O {[%clk 0:00:17]} Qa5
{[%clk 0:01:56]} 11. Qe1 {[%clk 0:00:15]} d6 {[%clk 0:01:46]} 12. Nd5
{[%clk 0:00:09]} Qd8 {[%clk 0:01:42]} 13. Nxf6+ {[%clk 0:00:09]} Bxf6
{[%clk 0:01:35]} 14. Bxf6 {[%clk 0:00:10]} exf6 {[%clk 0:01:35]} 15. c4
{[%clk 0:00:11]} Re8 {[%clk 0:01:35]} 16. Qc3 {[%clk 0:00:12]} Qe7
{[%clk 0:01:25]} 17. Rfd1 {[%clk 0:00:11]} Bg4 {[%clk 0:01:23]} 18. f3
{[%clk 0:00:12]} Be6 {[%clk 0:01:23]} 19. Bf1 {[%clk 0:00:11]} Rad8
{[%clk 0:01:22]} 20. Rd2 {[%clk 0:00:11]} f5 {[%clk 0:01:21]} 21. Rad1
{[%clk 0:00:08]} fxe4 {[%clk 0:01:20]} 22. fxe4 {[%clk 0:00:09]} Bg4
{[%clk 0:01:09]} 23. Re1 {[%clk 0:00:10]} d5 {[%clk 0:01:06]} 24. Bd3
{[%clk 0:00:04]} Qc5+ {[%clk 0:01:02]} 25. Rf2 {[%clk 0:00:03]} dxe4
{[%clk 0:01:00]} 26. Bxe4 {[%clk 0:00:03]} f5 {[%clk 0:00:54]} 27. h3
{[%clk 0:00:05]} Bxh3 {[%clk 0:00:45]} 28. Bf3 {[%clk 0:00:05]} Bg4
{[%clk 0:00:42]} 29. Bxg4 {[%clk 0:00:04]} fxg4 {[%clk 0:00:43]} 30. Ref1
{[%clk 0:00:04]} Rf8 {[%clk 0:00:34]} 31. Qg3 {[%clk 0:00:04]} Rd2
{[%clk 0:00:30]} 32. b4 {[%clk 0:00:04]} Qd4 {[%clk 0:00:30]} 33. b5
{[%clk 0:00:04]} Qc5 {[%clk 0:00:23]} 34. bxc6 {[%clk 0:00:04]} Rfxf2
{[%clk 0:00:21]} 35. Rxf2 {[%clk 0:00:05]} Rd1+ {[%clk 0:00:21]} 36. Kh2
{[%clk 0:00:04]} Qh5+ {[%clk 0:00:21]} 37. Qh3 {[%clk 0:00:03]} gxh3
{[%clk 0:00:22]} 38. c7 {[%clk 0:00:03]} Qe5+ {[%clk 0:00:22]} 0-1

[Event "Blitz 2018"]
[Site "Saint-Petersburg"]
[Date "2018.12.30"]
[Round "13"]
[Board "93"]
[White "Hirneise Jens (GER)"]
[Black "Hirneise Tobias (GER)"]
[Result "1/2-1/2"]
[BlackElo "2472"]
[WhiteElo "2363"]
[LiveChessVersion "1.4.8"]

1. d4 {[%clk 0:03:03]} Nf6 {[%clk 0:03:03]} 2. c4 {[%clk 0:03:04]} d6
{[%clk 0:03:05]} 3. Nc3 {[%clk 0:03:05]} Nbd7 {[%clk 0:03:06]} 4. e4
{[%clk 0:03:03]} e5 {[%clk 0:03:07]} 5. Nf3 {[%clk 0:03:03]} Be7 {[%clk 0:03:06]}
6. Be2 {[%clk 0:03:03]} O-O {[%clk 0:03:06]} 7. O-O {[%clk 0:03:04]} c6
{[%clk 0:03:05]} 8. Re1 {[%clk 0:03:04]} Qc7 {[%clk 0:03:06]} 9. b3
{[%clk 0:03:04]} Re8 {[%clk 0:03:06]} 10. Bb2 {[%clk 0:03:04]} Nf8
{[%clk 0:03:06]} 11. Qd2 {[%clk 0:02:59]} Ng6 {[%clk 0:03:07]} 12. Rad1
{[%clk 0:02:55]} Nf4 {[%clk 0:03:06]} 13. Bf1 {[%clk 0:02:48]} Ng6
{[%clk 0:03:07]} 14. Be2 {[%clk 0:02:40]} Nf4 {[%clk 0:03:07]} 15. Bf1
{[%clk 0:02:41]} Ng6 {[%clk 0:03:08]} 16. Be2 {[%clk 0:02:42]} Nf4 1/2-1/2

[Event "Blitz 2018"]
[Site "Saint-Petersburg"]
[Date "2018.12.30"]
[Round "13"]
[Board "94"]
[White "Perdomo Carlos Andres (COL)"]
[Black "Teske Henrik (GER)"]
[Result "0-1"]
[BlackElo "2565"]
[WhiteElo "2301"]
[LiveChessVersion "1.4.8"]

1. c4 {[%clk 0:03:02]} Nf6 {[%clk 0:03:02]} 2. Nc3 {[%clk 0:03:02]} g6
{[%clk 0:03:03]} 3. g3 {[%clk 0:03:02]} Bg7 {[%clk 0:03:04]} 4. Bg2
{[%clk 0:03:03]} O-O {[%clk 0:03:03]} 5. e3 {[%clk 0:03:04]} c6 {[%clk 0:03:02]}
6. Nge2 {[%clk 0:03:04]} d5 {[%clk 0:03:02]} 7. b3 {[%clk 0:02:20]} e5
{[%clk 0:02:59]} 8. d4 {[%clk 0:02:12]} e4 {[%clk 0:02:58]} 9. h3
{[%clk 0:02:04]} h5 {[%clk 0:02:45]} 10. Qc2 {[%clk 0:01:54]} Re8
{[%clk 0:02:41]} 11. Bd2 {[%clk 0:01:51]} Nbd7 {[%clk 0:02:36]} 12. cxd5
{[%clk 0:01:45]} cxd5 {[%clk 0:02:35]} 13. Nb5 {[%clk 0:01:45]} Re6
{[%clk 0:02:01]} 14. Qc7 {[%clk 0:01:39]} Qf8 {[%clk 0:01:37]} 15. Qa5
{[%clk 0:01:30]} Rc6 {[%clk 0:01:26]} 16. O-O {[%clk 0:01:10]} b6
{[%clk 0:01:21]} 17. Qb4 {[%clk 0:00:58]} a6 {[%clk 0:01:17]} 18. Qxf8+
{[%clk 0:00:56]} Bxf8 {[%clk 0:01:18]} 19. Nbc3 {[%clk 0:00:57]} Bb7
{[%clk 0:01:16]} 20. Rfc1 {[%clk 0:00:56]} Ba3 {[%clk 0:01:16]} 21. Rd1
{[%clk 0:00:45]} Rac8 {[%clk 0:01:16]} 22. Rab1 {[%clk 0:00:37]} Be7
{[%clk 0:01:08]} 23. f3 {[%clk 0:00:35]} R6c7 {[%clk 0:00:59]} 24. fxe4
{[%clk 0:00:30]} Nxe4 {[%clk 0:00:59]} 25. Nxe4 {[%clk 0:00:28]} dxe4
{[%clk 0:01:00]} 26. Rbc1 {[%clk 0:00:27]} Rc2 {[%clk 0:00:59]} 27. Nc3
{[%clk 0:00:24]} Rxc1 {[%clk 0:00:56]} 28. Rxc1 {[%clk 0:00:25]} Ba3
{[%clk 0:00:57]} 29. Rd1 {[%clk 0:00:26]} f5 {[%clk 0:00:56]} 30. Bf1
{[%clk 0:00:26]} b5 {[%clk 0:00:57]} 31. Kf2 {[%clk 0:00:22]} Kf7
{[%clk 0:00:56]} 32. Be2 {[%clk 0:00:22]} Nf6 {[%clk 0:00:55]} 33. Ke1
{[%clk 0:00:18]} Bb2 {[%clk 0:00:53]} 34. Nb1 {[%clk 0:00:15]} Rc2
{[%clk 0:00:52]} 35. a4 {[%clk 0:00:15]} bxa4 {[%clk 0:00:47]} 36. bxa4
{[%clk 0:00:16]} Nd5 {[%clk 0:00:49]} 37. Kf2 {[%clk 0:00:12]} Kf6 38. g4 hxg4
{[%clk 0:00:44]} 39. hxg4 {[%clk 0:00:15]} f4 {[%clk 0:00:42]} 40. exf4
{[%clk 0:00:13]} Bxd4+ {[%clk 0:00:40]} 41. Kg3 {[%clk 0:00:14]} Bc5
{[%clk 0:00:34]} 42. Bf1 {[%clk 0:00:09]} Bd6 {[%clk 0:00:34]} 43. g5+
{[%clk 0:00:09]} Kf7 {[%clk 0:00:33]} 44. Na3 {[%clk 0:00:08]} Bxa3
{[%clk 0:00:34]} 45. Rb1 {[%clk 0:00:06]} Rb2 {[%clk 0:00:32]} 46. Rxb2
{[%clk 0:00:06]} Bxb2 {[%clk 0:00:33]} 47. Bc4 {[%clk 0:00:07]} Ke6
{[%clk 0:00:33]} 48. Bb4 {[%clk 0:00:08]} Bc1 {[%clk 0:00:32]} 49. Bxd5+
{[%clk 0:00:06]} Bxd5 {[%clk 0:00:32]} 50. Bc5 {[%clk 0:00:07]} Kf5
{[%clk 0:00:32]} 51. Bd6 {[%clk 0:00:07]} e3 {[%clk 0:00:33]} 0-1

[Event "Blitz 2018"]
[Site "Saint-Petersburg"]
[Date "2018.12.30"]
[Round "13"]
[Board "95"]
[White "Shubin Kirill (RUS)"]
[Black "Vlassov Nikolai (RUS)"]
[Result "0-1"]
[BlackElo "2438"]
[WhiteElo "2398"]
[LiveChessVersion "1.4.8"]

1. e4 {[%clk 0:03:03]} c5 {[%clk 0:03:02]} 2. Nf3 {[%clk 0:03:04]} d6
{[%clk 0:03:04]} 3. d4 {[%clk 0:03:05]} cxd4 {[%clk 0:03:05]} 4. Qxd4
{[%clk 0:03:05]} e5 {[%clk 0:03:03]} 5. Bb5+ {[%clk 0:02:48]} Nd7
{[%clk 0:02:43]} 6. Qd3 {[%clk 0:02:46]} Ngf6 {[%clk 0:02:43]} 7. c4
{[%clk 0:02:46]} Be7 {[%clk 0:02:44]} 8. Nc3 {[%clk 0:02:46]} O-O
{[%clk 0:02:44]} 9. Bxd7 {[%clk 0:02:46]} Bxd7 {[%clk 0:02:41]} 10. Bg5
{[%clk 0:02:39]} Rc8 {[%clk 0:02:30]} 11. Bxf6 {[%clk 0:02:32]} Bxf6
{[%clk 0:02:31]} 12. O-O {[%clk 0:02:31]} Be6 {[%clk 0:02:29]} 13. b3
{[%clk 0:02:31]} Be7 {[%clk 0:02:27]} 14. Rfd1 {[%clk 0:02:06]} f5
{[%clk 0:02:21]} 15. Nd5 {[%clk 0:01:58]} fxe4 {[%clk 0:02:17]} 16. Qxe4
{[%clk 0:01:59]} Kh8 {[%clk 0:01:52]} 17. Nxe7 {[%clk 0:01:42]} Qxe7
{[%clk 0:01:53]} 18. Rd2 {[%clk 0:01:35]} Rf4 {[%clk 0:01:51]} 19. Qe3
{[%clk 0:01:35]} Rcf8 {[%clk 0:01:49]} 20. Ne1 {[%clk 0:01:28]} R8f6
{[%clk 0:01:32]} 21. Rad1 {[%clk 0:01:20]} Bg4 {[%clk 0:01:24]} 22. f3
{[%clk 0:01:17]} Bh5 {[%clk 0:01:20]} 23. Qxa7 {[%clk 0:00:59]} Rg6
{[%clk 0:00:44]} 24. Rxd6 {[%clk 0:00:55]} e4 {[%clk 0:00:32]} 25. Rd8+
{[%clk 0:00:42]} Rf8 {[%clk 0:00:32]} 26. Rxf8+ {[%clk 0:00:20]} Qxf8
{[%clk 0:00:33]} 27. Qa5 {[%clk 0:00:12]} exf3 {[%clk 0:00:34]} 28. Nxf3
{[%clk 0:00:08]} Rxg2+ {[%clk 0:00:26]} 29. Kh1 {[%clk 0:00:04]} Bxf3
{[%clk 0:00:23]} 0-1

[Event "Blitz 2018"]
[Site "Saint-Petersburg"]
[Date "2018.12.30"]
[Round "13"]
[Board "96"]
[White "Sharma Dinesh K. (IND)"]
[Black "Pogosyan Stefan (RUS)"]
[Result "1-0"]
[BlackElo "2330"]
[WhiteElo "2383"]
[LiveChessVersion "1.4.8"]

1. e4 {[%clk 0:03:02]} e5 {[%clk 0:03:03]} 2. Nf3 {[%clk 0:03:03]} Nc6
{[%clk 0:03:04]} 3. d4 {[%clk 0:03:01]} exd4 {[%clk 0:03:05]} 4. Nxd4
{[%clk 0:03:02]} Bc5 {[%clk 0:03:06]} 5. Nb3 {[%clk 0:03:02]} Bb6
{[%clk 0:03:06]} 6. Nc3 {[%clk 0:03:02]} Nf6 {[%clk 0:03:07]} 7. Qe2
{[%clk 0:03:02]} O-O {[%clk 0:02:55]} 8. Be3 {[%clk 0:03:03]} Bxe3
{[%clk 0:02:43]} 9. Qxe3 d6 10. O-O-O {[%clk 0:03:02]} Be6 {[%clk 0:02:44]} 11.
Kb1 {[%clk 0:02:57]} Qe7 {[%clk 0:02:43]} 12. Be2 {[%clk 0:02:38]} Rfe8
{[%clk 0:02:29]} 13. f3 {[%clk 0:02:28]} a5 {[%clk 0:02:20]} 14. Bb5
{[%clk 0:02:27]} Bd7 {[%clk 0:01:44]} 15. Rhe1 {[%clk 0:02:23]} Ne5
{[%clk 0:01:44]} 16. Bxd7 {[%clk 0:02:09]} Qxd7 {[%clk 0:01:43]} 17. Nd4
{[%clk 0:02:04]} a4 {[%clk 0:01:37]} 18. Nf5 {[%clk 0:01:49]} Ng6
{[%clk 0:00:57]} 19. g4 {[%clk 0:01:43]} b5 {[%clk 0:00:57]} 20. g5
{[%clk 0:01:34]} Nh5 {[%clk 0:00:50]} 21. Nd5 {[%clk 0:01:35]} Rad8
{[%clk 0:00:34]} 22. Qc3 {[%clk 0:01:25]} c6 {[%clk 0:00:28]} 23. Nxg7
{[%clk 0:01:19]} cxd5 {[%clk 0:00:10]} 24. Nxh5 {[%clk 0:01:18]} f5
{[%clk 0:00:05]} 1-0

[Event "Blitz 2018"]
[Site "Saint-Petersburg"]
[Date "2018.12.30"]
[Round "13"]
[Board "97"]
[White "Alsulaymi Abdullah M (KSA)"]
[Black "Masrahi Abdulrahman A (KSA)"]
[Result "1/2-1/2"]
[BlackElo "1966"]
[WhiteElo "1833"]
[LiveChessVersion "1.4.8"]

1. e4 {[%clk 0:03:03]} e5 {[%clk 0:03:03]} 2. f4 {[%clk 0:03:05]} exf4
{[%clk 0:03:03]} 3. Bc4 {[%clk 0:03:07]} Qh4+ {[%clk 0:02:46]} 4. Kf1
{[%clk 0:03:07]} Nc6 {[%clk 0:02:15]} 5. Nf3 {[%clk 0:03:04]} Qf6
{[%clk 0:02:15]} 6. d4 {[%clk 0:02:52]} d6 {[%clk 0:02:08]} 7. Nc3
{[%clk 0:02:50]} Bg4 {[%clk 0:01:54]} 8. Nd5 {[%clk 0:02:48]} Qd8
{[%clk 0:01:43]} 9. Bxf4 {[%clk 0:02:32]} Nf6 {[%clk 0:01:36]} 10. Bg5
{[%clk 0:02:21]} Be7 {[%clk 0:01:36]} 11. Nxe7 {[%clk 0:02:21]} Qxe7
{[%clk 0:01:36]} 12. Bd3 {[%clk 0:01:36]} Nxd4 {[%clk 0:01:30]} 13. Nxd4
{[%clk 0:01:11]} Bxd1 {[%clk 0:01:29]} 14. Nf5 {[%clk 0:01:09]} Qe5
{[%clk 0:01:20]} 15. Rxd1 {[%clk 0:01:06]} O-O-O {[%clk 0:01:09]} 16. Ke2
{[%clk 0:00:51]} Rde8 {[%clk 0:00:50]} 17. Bxf6 {[%clk 0:00:42]} Qxf6
{[%clk 0:00:50]} 18. Rhf1 {[%clk 0:00:41]} Qe5 {[%clk 0:00:46]} 19. Ng3
{[%clk 0:00:35]} Rhf8 {[%clk 0:00:40]} 20. Rf5 {[%clk 0:00:36]} Qxb2
{[%clk 0:00:36]} 21. Rb5 {[%clk 0:00:34]} Qxa2 {[%clk 0:00:29]} 22. Rdb1
{[%clk 0:00:35]} b6 {[%clk 0:00:29]} 23. R5b3 {[%clk 0:00:35]} f5
{[%clk 0:00:22]} 24. Kd2 {[%clk 0:00:27]} fxe4 {[%clk 0:00:20]} 25. Nxe4
{[%clk 0:00:27]} Qa5+ {[%clk 0:00:20]} 26. Nc3 {[%clk 0:00:27]} Rf2+
{[%clk 0:00:20]} 27. Kd1 {[%clk 0:00:26]} Rxg2 {[%clk 0:00:19]} 28. Rb5
{[%clk 0:00:25]} Qxc3 {[%clk 0:00:19]} 29. Ke1 1/2-1/2

[Event "Blitz 2018"]
[Site "Saint-Petersburg"]
[Date "2018.12.30"]
[Round "13"]
[Board "98"]
[White "Makarov Marat (RUS)"]
[Black "Al Turky Fahad A (KSA)"]
[Result "1-0"]
[BlackElo "1851"]
[WhiteElo "2505"]
[LiveChessVersion "1.4.8"]

1. e4 {[%clk 0:03:01]} e6 {[%clk 0:02:57]} 2. Nf3 {[%clk 0:02:59]} d5
{[%clk 0:02:58]} 3. exd5 {[%clk 0:02:58]} exd5 {[%clk 0:02:59]} 4. d4
{[%clk 0:02:58]} Nf6 {[%clk 0:03:00]} 5. Bd3 {[%clk 0:02:57]} Bd6
{[%clk 0:03:01]} 6. O-O {[%clk 0:02:50]} O-O {[%clk 0:03:01]} 7. h3
{[%clk 0:02:51]} h6 {[%clk 0:02:55]} 8. c4 {[%clk 0:02:52]} c6 {[%clk 0:02:51]}
9. Nc3 {[%clk 0:02:53]} Be6 {[%clk 0:02:46]} 10. cxd5 {[%clk 0:02:50]} Nxd5
{[%clk 0:02:35]} 11. a3 {[%clk 0:02:44]} Nd7 {[%clk 0:02:32]} 12. Bc2
{[%clk 0:02:45]} Rc8 {[%clk 0:02:06]} 13. Qd3 {[%clk 0:02:44]} f5
{[%clk 0:02:06]} 14. Re1 {[%clk 0:02:45]} Qf6 {[%clk 0:02:05]} 15. Bd2
{[%clk 0:02:26]} Rce8 {[%clk 0:02:04]} 16. Bb3 {[%clk 0:02:21]} N7b6
{[%clk 0:01:55]} 17. Ba2 {[%clk 0:02:20]} Kh8 {[%clk 0:01:48]} 18. Ne5
{[%clk 0:02:22]} Nd7 {[%clk 0:01:24]} 19. Nxd7 {[%clk 0:02:13]} Bxd7
{[%clk 0:01:16]} 20. Nxd5 {[%clk 0:02:14]} cxd5 {[%clk 0:01:13]} 21. Bxd5
{[%clk 0:02:13]} b6 {[%clk 0:00:49]} 22. Bf3 {[%clk 0:02:14]} Bb8
{[%clk 0:00:45]} 23. Bb4 {[%clk 0:02:15]} Bd6 {[%clk 0:00:42]} 24. Rxe8
{[%clk 0:02:15]} Rxe8 {[%clk 0:00:41]} 25. Bxd6 {[%clk 0:02:16]} Qxd6
{[%clk 0:00:40]} 26. Qd2 {[%clk 0:02:13]} Qe6 {[%clk 0:00:34]} 27. d5
{[%clk 0:02:13]} Qe5 {[%clk 0:00:33]} 28. d6 {[%clk 0:02:14]} Re6
{[%clk 0:00:30]} 29. Rd1 {[%clk 0:02:15]} Kg8 {[%clk 0:00:28]} 30. Bd5
{[%clk 0:02:13]} Kf8 {[%clk 0:00:19]} 31. Bxe6 {[%clk 0:02:13]} Qxe6
{[%clk 0:00:19]} 32. Re1 {[%clk 0:02:11]} Qf6 {[%clk 0:00:16]} 33. Re7
{[%clk 0:02:09]} Bc8 {[%clk 0:00:15]} 34. d7 {[%clk 0:01:47]} Bxd7
{[%clk 0:00:09]} 35. Rxd7 {[%clk 0:01:47]} 1-0

[Event "Blitz 2018"]
[Site "Saint-Petersburg"]
[Date "2018.12.30"]
[Round "13"]
[Board "99"]
[White "Ovchinnikov Vsevolod (RUS)"]
[Black "Khayat Abdullah F (KSA)"]
[Result "1-0"]
[BlackElo "1709"]
[WhiteElo "2375"]
[LiveChessVersion "1.4.8"]

1. Nf3 {[%clk 0:03:02]} Nf6 {[%clk 0:03:02]} 2. c4 {[%clk 0:03:03]} g6
{[%clk 0:03:02]} 3. b3 {[%clk 0:03:04]} d6 {[%clk 0:03:01]} 4. d4
{[%clk 0:03:05]} Bg7 {[%clk 0:02:58]} 5. Bb2 {[%clk 0:03:06]} O-O
{[%clk 0:02:58]} 6. g3 {[%clk 0:03:07]} c5 {[%clk 0:02:56]} 7. Bg2
{[%clk 0:03:06]} Nc6 {[%clk 0:02:41]} 8. O-O {[%clk 0:03:05]} Rb8
{[%clk 0:02:42]} 9. Nc3 {[%clk 0:02:37]} Re8 {[%clk 0:02:43]} 10. Qd2
{[%clk 0:01:50]} Nd7 {[%clk 0:02:27]} 11. dxc5 {[%clk 0:01:03]} dxc5
{[%clk 0:02:15]} 12. Rfd1 {[%clk 0:01:00]} e5 {[%clk 0:01:42]} 13. Ng5
{[%clk 0:00:29]} Bh6 {[%clk 0:01:27]} 14. h4 {[%clk 0:00:30]} Ne7
{[%clk 0:00:56]} 15. Bh3 {[%clk 0:00:11]} f6 {[%clk 0:00:17]} 16. Bxd7
{[%clk 0:00:06]} Bxd7 {[%clk 0:00:10]} 17. Qxd7 {[%clk 0:00:06]} Qxd7
{[%clk 0:00:10]} 18. Rxd7 {[%clk 0:00:08]} fxg5 {[%clk 0:00:10]} 19. hxg5
{[%clk 0:00:08]} Bxg5 {[%clk 0:00:11]} 20. Ne4 {[%clk 0:00:10]} h6
{[%clk 0:00:05]} 21. Nxg5 {[%clk 0:00:10]} hxg5 {[%clk 0:00:06]} 22. Bxe5
{[%clk 0:00:10]} Kf7 {[%clk 0:00:06]} 23. Bxb8 {[%clk 0:00:11]} Rxb8
{[%clk 0:00:06]} 24. Rad1 {[%clk 0:00:12]} Re8 {[%clk 0:00:06]} 25. Rxb7
{[%clk 0:01:12]} Kf6 {[%clk 0:00:05]} 26. Rxa7 {[%clk 0:01:11]} Nf5
{[%clk 0:00:07]} 27. e3 {[%clk 0:01:09]} Ne7 {[%clk 0:00:06]} 28. Kg2
{[%clk 0:01:08]} Nc6 {[%clk 0:00:06]} 29. Rd6+ {[%clk 0:01:04]} Re6
{[%clk 0:00:06]} 30. Rxe6+ {[%clk 0:01:05]} Kxe6 {[%clk 0:00:08]} 31. Ra6
{[%clk 0:01:05]} Kd7 {[%clk 0:00:08]} 32. a3 {[%clk 0:01:04]} Ne5
{[%clk 0:00:09]} 33. f4 {[%clk 0:01:02]} gxf4 {[%clk 0:00:10]} 34. exf4
{[%clk 0:01:03]} Nd3 {[%clk 0:00:11]} 35. Rxg6 {[%clk 0:01:02]} Ne1+
{[%clk 0:00:12]} 36. Kh3 {[%clk 0:01:02]} Nc2 {[%clk 0:00:11]} 37. Ra6
{[%clk 0:00:59]} Ne3 {[%clk 0:00:11]} 38. g4 {[%clk 0:00:55]} Nc2
{[%clk 0:00:09]} 39. g5 {[%clk 0:00:56]} Nd4 {[%clk 0:00:10]} 40. g6
{[%clk 0:00:55]} Nxb3 {[%clk 0:00:09]} 41. g7 {[%clk 0:00:56]} 1-0

[Event "Blitz 2018"]
[Site "Saint-Petersburg"]
[Date "2018.12.30"]
[Round "14"]
[Board "3"]
[White "Svidler Peter (RUS)"]
[Black "Andreikin Dmitry (RUS)"]
[Result "1/2-1/2"]
[BlackElo "2777"]
[WhiteElo "2770"]
[LiveChessVersion "1.4.8"]

1. e4 {[%clk 0:03:02]} g6 {[%clk 0:03:03]} 2. d4 {[%clk 0:03:03]} Bg7
{[%clk 0:03:04]} 3. Nc3 {[%clk 0:03:04]} c6 {[%clk 0:03:05]} 4. Nf3
{[%clk 0:03:02]} d6 {[%clk 0:03:06]} 5. a4 {[%clk 0:02:58]} Nf6 {[%clk 0:03:06]}
6. h3 {[%clk 0:02:59]} O-O {[%clk 0:03:05]} 7. Be3 {[%clk 0:02:59]} Qc7
{[%clk 0:03:01]} 8. Be2 {[%clk 0:02:58]} e5 {[%clk 0:03:02]} 9. d5
{[%clk 0:02:59]} cxd5 {[%clk 0:02:57]} 10. exd5 {[%clk 0:03:00]} a6
{[%clk 0:02:58]} 11. a5 {[%clk 0:03:00]} Nh5 {[%clk 0:02:47]} 12. O-O
{[%clk 0:02:55]} Nf4 {[%clk 0:02:46]} 13. Na4 {[%clk 0:02:42]} Nd7
{[%clk 0:02:34]} 14. c4 {[%clk 0:02:26]} f5 {[%clk 0:02:25]} 15. Bxf4
{[%clk 0:02:08]} exf4 {[%clk 0:02:26]} 16. Qd2 {[%clk 0:02:08]} Nc5
{[%clk 0:01:54]} 17. Nxc5 {[%clk 0:02:09]} dxc5 {[%clk 0:01:55]} 18. d6
{[%clk 0:02:09]} Qc6 {[%clk 0:01:41]} 19. Rad1 {[%clk 0:01:47]} Bd7
{[%clk 0:01:35]} 20. Ne5 {[%clk 0:01:16]} Bxe5 {[%clk 0:01:18]} 21. Bf3
{[%clk 0:01:17]} Qxd6 {[%clk 0:01:10]} 22. Qxd6 {[%clk 0:01:17]} Bxd6
{[%clk 0:01:11]} 23. Rxd6 {[%clk 0:01:17]} Bc6 {[%clk 0:01:07]} 24. Bxc6
{[%clk 0:01:17]} bxc6 {[%clk 0:01:08]} 25. Rxc6 {[%clk 0:01:18]} Rfb8
{[%clk 0:00:47]} 26. Rd1 {[%clk 0:01:07]} Rxb2 {[%clk 0:00:32]} 27. Rd7
{[%clk 0:01:07]} Re8 {[%clk 0:00:18]} 28. Rcc7 {[%clk 0:01:07]} h5
{[%clk 0:00:14]} 29. Rg7+ {[%clk 0:01:04]} Kh8 {[%clk 0:00:15]} 30. Rh7+
{[%clk 0:01:05]} Kg8 {[%clk 0:00:17]} 31. Rcg7+ {[%clk 0:01:05]} Kf8
{[%clk 0:00:18]} 32. Ra7 {[%clk 0:01:03]} Kg8 {[%clk 0:00:18]} 33. Rag7+
{[%clk 0:00:49]} Kf8 {[%clk 0:00:19]} 34. Rf7+ {[%clk 0:00:51]} Kg8
{[%clk 0:00:20]} 1/2-1/2